|
|
|
|
| LEADER |
00000nab a2200000uu 4500 |
| 001 |
vtls011140428 |
| 003 |
SK-MaSNL |
| 005 |
20260303120726.0 |
| 008 |
230131|2002 xo |||||||||||||||||cze| |
| 015 |
|
|
|a SNBRB
|
| 035 |
|
|
|a (urnnbn)urn:nbn:sk:snk:ar-007zzh
|
| 035 |
|
|
|a (uuid)48d62829-e39b-4a68-89f5-848b35b81520
|
| 035 |
|
|
|a urn:nbn:sk:snk-abasd9
|
| 040 |
|
|
|a SNKBUCL
|b slo
|c SNKBUCL
|e AACR2
|
| 041 |
0 |
|
|a cze
|
| 044 |
|
|
|a xo
|c SK
|
| 100 |
1 |
|
|a Batáriová, A.
|4 aut
|9 1133411
|
| 245 |
1 |
0 |
|a Monitorování zdravotního stavu populace ve vztahu k prostředí: jodurie u české populace v období 1995-2000
|c A. Batáriová, B. Beneš, J. Šmíd, M. Černá
|
| 700 |
1 |
|
|a Beneš, B.
|4 aut
|9 323097
|
| 700 |
1 |
|
|a Šmíd, J.
|4 aut
|9 1119576
|
| 700 |
1 |
|
|a Černá, M.
|4 aut
|9 801506
|
| 773 |
0 |
|
|t Hygiena : časopis pro ochranu a podporu zdraví
|g Roč. 47, č. 3 (2002), s. 157-161
|
| 954 |
|
|
|a odborná, vedecká literatúra cudzojazyčná (svetová)
|2 lita
|
| 958 |
|
|
|a OND
|
| 958 |
|
|
|a EUIPO
|
| 958 |
|
|
|a article14
|
| 999 |
|
|
|c 1912021
|d 1913951
|